000 00857nam a2200265 i 4500
003 EG-GICUC
005 20260212163001.0
008 260212s1935 fr ||||fr ||| 00| 0 fre d
040 _aEG-GICUC
_cEG-GICUC
_dEG-GICUC
_erda
_bfre
082 0 4 _221
_a341.8
_bBA . P
092 0 4 _221
099 _aLaw1 12 341.8 BA . P 1935
100 1 _aBartin,E
_eAuteur
245 _aPrincipes Droit International Privé :
_bSelon La Loi Et La Jurisprudence Françaises /
_cE.Bartin .
264 0 _aParis :
_bDomat-Montchrestien ,
_c1935 .
300 _a397 Pages;
_c30 cm.
336 _atext
_2rda content
337 _aComputer
_2rda media
338 _aOnline Resource
_2rda carrier
546 _aTexte en français
650 0 4 _aDroit International Privé
856 _uhttps://fll.law.cu.edu.eg/fulltext/th/B12-02594.pdf
905 _a59
942 _2ddc
_cBK
_e21
_n0
999 _c62873
_d62873